[Event "Guernsey Holiday op 43rd"]
[Site "Guernsey"]
[Date "2017.10.16"]
[Round "2"]
[White "Stanners, Michael J"]
[Black "Ruigrok, Jacques"]
[Result "1/2-1/2"]
[WhiteElo "1761"]
[BlackElo "1679"]
[PlyCount "50"]
[EventDate "2017.10.15"]
[EventType "swiss"]
[EventRounds "7"]
[EventCountry "GCI"]
[SourceTitle "EXT 2020"]
[Source "ChessBase"]
[SourceDate "2019.10.17"]
[SourceVersion "1"]
[SourceVersionDate "2019.10.17"]
[SourceQuality "1"]

1. d4 Nf6 2. Nf3 e6 3. e3 b6 4. Bd3 Bb7 5. Nbd2 d6 6. 0-0 Be7 7. Qe2 Nbd7 8. Re1 0-0 9. c3 Re8 10. e4 e5 11. d5 a5 12. b4 axb4 13. cxb4 c5 14. dxc6 Bxc6 15. Bb5 Bxb5 16. Qxb5 Nf8 17. Nf1 Ne6 18. Ng3 g6 19. Be3 Qd7 20. Qd3 b5 21. Red1 Qb7 22. Nd2 d5 23. exd5 Nxd5 24. Qe4 Rab8 25. Rac1 Nxe3 1/2-1/2

[Event "Guernsey Holiday op 42nd"]
[Site "Guernsey"]
[Date "2016.10.18"]
[Round "3"]
[White "Ruigrok, Jacques"]
[Black "Collins, Alan"]
[Result "0-1"]
[WhiteElo "1559"]
[BlackElo "1746"]
[PlyCount "50"]
[EventDate "2016.10.16"]
[EventType "swiss"]
[EventRounds "7"]
[EventCountry "GCI"]
[SourceTitle "EXT 2022"]
[Source "ChessBase"]
[SourceDate "2021.10.06"]
[SourceVersion "1"]
[SourceVersionDate "2021.10.06"]
[SourceQuality "1"]

1. e4 d6 2. d4 Nf6 3. Nc3 c6 4. f4 Qa5 5. Bd2 e5 6. fxe5 dxe5 7. dxe5 Ng4 8. h3 Nxe5 9. Nf3 Nxf3+ 10. Qxf3 Be6 11. Nd5 Qd8 12. Nf4 Qe7 13. Nxe6 Qxe6 14. Bc3 Nd7 15. Bd3 Ne5 16. Bxe5 Qxe5 17. 0-0-0 f6 18. Bc4 Bd6 19. Kb1 Ke7 20. Qg4 g6 21. Rhf1 b5 22. Bb3 Rad8 23. Rf5 Qg3 24. Rxf6 Kxf6 25. Qe6+ Kg7 0-1

[Event "Guernsey Holiday op 40th"]
[Site "Guernsey"]
[Date "2014.10.23"]
[Round "5"]
[White "Ruigrok, Jacques"]
[Black "Finch, Russell"]
[Result "1-0"]
[WhiteElo "1704"]
[BlackElo "1613"]
[PlyCount "97"]
[EventDate "2014.10.19"]
[EventType "swiss"]
[EventRounds "7"]
[EventCountry "GCI"]
[SourceTitle "EXT 2022"]
[Source "ChessBase"]
[SourceDate "2021.10.06"]
[SourceVersion "1"]
[SourceVersionDate "2021.10.06"]
[SourceQuality "1"]

1. e4 c5 2. d4 cxd4 3. c3 d3 4. Bxd3 Nc6 5. Nf3 d6 6. h3 Nf6 7. 0-0 g6 8. Re1 Bg7 9. Nbd2 0-0 10. Nf1 b6 11. Ng3 Bb7 12. Be3 Nd7 13. Nd4 Nc5 14. Bc2 d5 15. Nf3 Nxe4 16. Nxe4 dxe4 17. Bxe4 Na5 18. Bxb7 Nxb7 19. Bd4 Bxd4 20. Nxd4 Qd7 21. Qe2 Rfe8 22. Rad1 Nd6 23. h4 Rac8 24. h5 Rc5 25. hxg6 hxg6 26. Nf3 Qb5 27. Rxd6 exd6 28. Qxe8+ Kg7 29. Qxb5 Rxb5 30. Re2 Kf6 31. Rd2 Ke7 32. Nd4 Rc5 33. f4 b5 34. Kf2 a5 35. Nb3 Rf5 36. Ke3 b4 37. cxb4 axb4 38. Rd4 g5 39. Rxb4 gxf4+ 40. Rxf4 Rg5 41. Kf3 Rb5 42. Re4+ Kd7 43. Re2 d5 44. Nd4 Rb4 45. Rd2 Kd6 46. Ke3 Kc5 47. Rc2+ Kd6 48. a3 Ra4 49. b3 1-0

[Event "Guernsey Holiday op 40th"]
[Site "Guernsey"]
[Date "2014.10.21"]
[Round "3"]
[White "Hoogakker, Peter"]
[Black "Ruigrok, Jacques"]
[Result "1/2-1/2"]
[WhiteElo "1757"]
[BlackElo "1704"]
[PlyCount "53"]
[EventDate "2014.10.19"]
[EventType "swiss"]
[EventRounds "7"]
[EventCountry "GCI"]
[SourceTitle "EXT 2022"]
[Source "ChessBase"]
[SourceDate "2021.10.06"]
[SourceVersion "1"]
[SourceVersionDate "2021.10.06"]
[SourceQuality "1"]

1. e4 e5 2. Bc4 Nf6 3. d3 Nc6 4. Nf3 Be7 5. 0-0 0-0 6. Re1 d6 7. c3 Na5 8. Bb5 a6 9. Ba4 b5 10. Bc2 Nc6 11. Nbd2 Re8 12. Nf1 Bg4 13. Ng3 Bf8 14. h3 Bd7 15. d4 g6 16. Bg5 h6 17. Be3 Bg7 18. Qd2 Kh7 19. Nh2 Rb8 20. b4 Qe7 21. d5 Nd8 22. a4 bxa4 23. Bxa4 Bb5 24. Bxb5 axb5 25. Red1 Qd7 26. Ra6 Bf8 27. Rda1 1/2-1/2

[Event "Guernsey Holiday op"]
[Site "Guernsey"]
[Date "2012.10.26"]
[Round "6"]
[White "Ruigrok, Jacques"]
[Black "Harnden, Terry"]
[Result "1/2-1/2"]
[WhiteElo "1666"]
[BlackElo "1535"]
[PlyCount "49"]
[EventDate "2012.10.21"]
[EventType "swiss"]
[EventRounds "7"]
[EventCountry "GCI"]
[SourceTitle "EXT 2015"]
[Source "ChessBase"]
[SourceDate "2014.11.20"]
[SourceVersion "1"]
[SourceVersionDate "2014.11.20"]
[SourceQuality "1"]

1. e4 c5 2. d4 cxd4 3. c3 d3 4. Bxd3 d6 5. c4 Nc6 6. Nc3 Nf6 7. Nf3 g6 8. 0-0 Bg7 9. h3 0-0 10. Be3 Bd7 11. Qe2 b6 12. Rfd1 Rc8 13. Rac1 e5 14. Bb1 Na5 15. b3 Nb7 16. Rd3 a6 17. Rcd1 Rc6 18. Qd2 Qc7 19. Nd5 Nxe4 20. Nxc7 Nxd2 21. R3xd2 Rxc7 22. Bxb6 Rcc8 23. Be4 Bc6 24. Bxc6 Rxc6 25. Be3 1/2-1/2

[Event "Guernsey Holiday op"]
[Site "Guernsey"]
[Date "2011.10.18"]
[Round "3"]
[White "Nalichowski, Bogdan"]
[Black "Ruigrok, Jacques"]
[Result "0-1"]
[WhiteElo "1626"]
[BlackElo "1760"]
[PlyCount "109"]
[EventDate "2011.10.16"]
[EventType "swiss"]
[EventRounds "7"]
[EventCountry "GCI"]
[SourceTitle "EXT 2015"]
[Source "ChessBase"]
[SourceDate "2014.11.20"]
[SourceVersion "1"]
[SourceVersionDate "2014.11.20"]
[SourceQuality "1"]

1. e4 e5 2. Nf3 Nc6 3. Bc4 Nf6 4. d4 exd4 5. e5 d5 6. exf6 dxc4 7. Qe2+ Be6 8. 0-0 gxf6 9. Re1 Qd7 10. Qxc4 0-0-0 11. Qe2 Rg8 12. a3 Bh3 13. g3 Bg4 14. Qd3 Bd6 15. Nbd2 h5 16. h4 Ne5 17. Nxe5 Bxe5 18. Ne4 Qd5 19. c4 dxc3 20. Qxd5 Rxd5 21. Nxc3 Bxc3 22. bxc3 Re5 23. Bf4 Rxe1+ 24. Rxe1 Be6 25. Kg2 Rd8 26. Be3 Rd3 27. Bd4 f5 28. Rc1 Rd2 29. Bxa7 b6 30. Kf3 Kb7 31. Ke3 Ra2 32. Bxb6 cxb6 33. Kf3 Rxa3 34. Kf4 f6 35. Re1 Ra4+ 36. Ke3 Re4+ 37. Kd2 Rxe1 38. Kxe1 Kc6 39. Ke2 Kd5 40. Ke3 Kc4 41. Kd2 b5 42. f3 Bd5 43. f4 Be4 44. Ke3 Kxc3 45. g4 fxg4 46. Kxe4 b4 47. Kf5 b3 48. Kxf6 b2 49. Kg5 b1Q 50. Kxh5 Qf5+ 51. Kh6 Qxf4+ 52. Kg6 g3 53. h5 g2 54. h6 g1Q+ 55. Kh7 0-1

[Event "Guernsey Holiday op"]
[Site "Guernsey"]
[Date "2010.10.22"]
[Round "6"]
[White "Vonhoff, Nils"]
[Black "Ruigrok, Jacques"]
[Result "1-0"]
[WhiteElo "1637"]
[BlackElo "1752"]
[PlyCount "87"]
[EventDate "2010.10.17"]
[EventType "swiss"]
[EventRounds "7"]
[EventCountry "GCI"]
[SourceTitle "EXT 2013"]
[Source "ChessBase"]
[SourceDate "2012.11.22"]
[SourceVersion "1"]
[SourceVersionDate "2012.11.22"]
[SourceQuality "1"]

1. e4 e5 2. f4 Bc5 3. Nf3 d6 4. Bc4 Nf6 5. Nc3 Nc6 6. h3 0-0 7. f5 Nd4 8. d3 c6 9. Bg5 d5 10. exd5 Bxf5 11. dxc6 bxc6 12. Nxd4 exd4 13. Ne2 Bb4+ 14. c3 dxc3 15. bxc3 Ba5 16. 0-0 Bg6 17. Bxf6 gxf6 18. Qd2 Qd6 19. Qf4 Qxf4 20. Rxf4 Rfe8 21. d4 Bh5 22. g4 Bg6 23. Rxf6 Rxe2 24. Bxe2 Bxc3 25. Rd1 c5 26. Ra6 Bxd4+ 27. Kg2 Rb8 28. Rxa7 Rb2 29. Kf3 Be4+ 30. Kxe4 Rxe2+ 31. Kf3 Re3+ 32. Kg2 Re2+ 33. Kg3 Re4 34. Rf1 Be5+ 35. Kh4 Bf4 36. a4 h6 37. a5 Bg5+ 38. Kg3 Re3+ 39. Rf3 Bh4+ 40. Kg2 Re2+ 41. Kg1 f6 42. a6 c4 43. Rc7 Ra2 44. a7 1-0

[Event "Guernsey Holiday op"]
[Site "Guernsey"]
[Date "2010.10.17"]
[Round "1"]
[White "Ruigrok, Jacques"]
[Black "Foster, Paul"]
[Result "1/2-1/2"]
[WhiteElo "1752"]
[BlackElo "1568"]
[PlyCount "55"]
[EventDate "2010.10.17"]
[EventType "swiss"]
[EventRounds "7"]
[EventCountry "GCI"]
[SourceTitle "EXT 2013"]
[Source "ChessBase"]
[SourceDate "2012.11.22"]
[SourceVersion "1"]
[SourceVersionDate "2012.11.22"]
[SourceQuality "1"]

1. e4 d5 2. exd5 Qxd5 3. Nc3 Qa5 4. b4 Qe5+ 5. Qe2 Qxe2+ 6. Bxe2 e5 7. a3 Nf6 8. Nb5 Bd6 9. Nxd6+ cxd6 10. Nf3 Bf5 11. d3 Nbd7 12. 0-0 0-0 13. Bb2 Rac8 14. Rac1 Nd5 15. Nh4 Be6 16. c4 Nf4 17. Rfe1 Nxe2+ 18. Rxe2 Rc7 19. h3 Rfc8 20. Nf3 Bf5 21. Re3 h5 22. Nd2 b6 23. Ne4 Bxe4 24. Rxe4 f5 25. Ree1 Re8 26. f3 Nf6 27. f4 e4 28. Bxf6 1/2-1/2

[Event "Guernsey Holiday op"]
[Site "Guernsey"]
[Date "2009.10.23"]
[Round "6"]
[White "Ruigrok, Jacques"]
[Black "Beadle, John R"]
[Result "1/2-1/2"]
[WhiteElo "1794"]
[BlackElo "1650"]
[PlyCount "44"]
[EventDate "2009.10.18"]
[EventType "swiss"]
[EventRounds "7"]
[EventCountry "GCI"]
[SourceTitle "EXT 2015"]
[Source "ChessBase"]
[SourceDate "2014.11.20"]
[SourceVersion "1"]
[SourceVersionDate "2014.11.20"]
[SourceQuality "1"]

1. e4 c5 2. d4 cxd4 3. c3 dxc3 4. Nxc3 e6 5. Bc4 a6 6. Nf3 Nc6 7. 0-0 Nge7 8. Qe2 Ng6 9. Rd1 Be7 10. Be3 0-0 11. Rac1 Qe8 12. a3 b5 13. Ba2 Bb7 14. b4 Rc8 15. Qd2 Nce5 16. Nxe5 Nxe5 17. f3 f6 18. Bf4 Qh5 19. Bxe5 Qxe5 20. Qxd7 Rc7 21. Qxe6+ Qxe6 22. Bxe6+ Kh8 1/2-1/2

[Event "Guernsey Holiday op"]
[Site "Grand Harve Bay"]
[Date "2006.10.18"]
[Round "4"]
[White "Ruigrok, Jacques"]
[Black "Carlucci, Paul A"]
[Result "0-1"]
[WhiteElo "1758"]
[BlackElo "1728"]
[PlyCount "76"]
[EventDate "2006.10.15"]
[EventType "swiss"]
[EventRounds "7"]
[EventCountry "GCI"]
[SourceTitle "EXT 2008"]
[Source "ChessBase"]
[SourceDate "2007.11.25"]
[SourceVersion "1"]
[SourceVersionDate "2007.11.25"]
[SourceQuality "1"]

1. e4 d5 2. exd5 Qxd5 3. Nc3 Qa5 4. b4 Qb6 5. Rb1 Nf6 6. Nf3 c6 7. Be2 Bf5 8. d4 e6 9. 0-0 Be7 10. Bf4 0-0 11. Bd3 Bg4 12. Na4 Qd8 13. c3 Nd5 14. Bd2 Nd7 15. Nc5 Nxc5 16. bxc5 Qc7 17. Qc2 Nf6 18. Ne5 b6 19. Bg5 Bf5 20. Bxf5 exf5 21. cxb6 axb6 22. Rfe1 Bd6 23. Qxf5 Bxe5 24. Rxe5 Nd5 25. Re4 Rxa2 26. Rh4 g6 27. Qh3 f6 28. Qe6+ Qf7 29. Qxf7+ Rxf7 30. Bh6 Re7 31. g3 Rc2 32. Ra1 g5 33. Ra8+ Kf7 34. Rf8+ Kg6 35. Rg8+ Kf5 36. g4+ Ke4 37. Rh3 Rc1+ 38. Kg2 Nf4+ 0-1

[Event "Guernsey Holiday op"]
[Site "Grand Harve Bay"]
[Date "2006.10.15"]
[Round "1"]
[White "Stanners, Michael J"]
[Black "Ruigrok, Jacques"]
[Result "1-0"]
[WhiteElo "1624"]
[BlackElo "1758"]
[PlyCount "113"]
[EventDate "2006.10.15"]
[EventType "swiss"]
[EventRounds "7"]
[EventCountry "GCI"]
[SourceTitle "EXT 2008"]
[Source "ChessBase"]
[SourceDate "2007.11.25"]
[SourceVersion "1"]
[SourceVersionDate "2007.11.25"]
[SourceQuality "1"]

1. d4 Nf6 2. e3 e6 3. Bd3 d5 4. f4 c5 5. c3 Nc6 6. Nf3 Be7 7. Ne5 Bd7 8. Nd2 Rc8 9. 0-0 Qc7 10. Qf3 0-0 11. Qh3 g6 12. g4 Rce8 13. Qg3 Bd6 14. h4 Kg7 15. h5 Bc8 16. Ndf3 Ne4 17. Qh4 Be7 18. Qh2 f5 19. g5 Rh8 20. h6+ Kg8 21. Bd2 Bd6 22. Nxc6 bxc6 23. Rfc1 c4 24. Bc2 Nxd2 25. Qxd2 Ba6 26. b3 Kf7 27. bxc4 Bxc4 28. Bb3 Bxb3 29. axb3 Rb8 30. b4 Rb5 31. Ra6 Ra8 32. Rca1 Rb6 33. R6a5 Rb7 34. Ne5+ Bxe5 35. dxe5 Ke7 36. Qd4 Kd8 37. Qc5 Kd7 38. Ra6 Rb6 39. Kf2 Rb5 40. Qd4 c5 41. bxc5 Qxc5 42. Qxc5 Rxc5 43. Rxa7+ Rxa7 44. Rxa7+ Rc7 45. Ra3 Rc4 46. Ke2 Rc7 47. Kd3 Rc4 48. Ra8 Rc8 49. Rxc8 Kxc8 50. c4 dxc4+ 51. Kxc4 Kd7 52. Kb5 Kc7 53. Kc5 Kd7 54. Kb6 Kd8 55. Kc6 Ke7 56. Kc7 Ke8 57. Kd6 1-0